00305nam a2200109Ia 4500008004100000041000800041082001600049100001800065245006000083260004400143300000800187231228s1994 xx 000 0 und d aeng a658.45bCAN aCANE (Sheila) aReadymade Activities for Effective Communication Skills aLondonbPitman Publication Londonc1994 a164